La Centrafrique pour les touristes... - Statistiques

Statistiques générales
  • Ce quiz a été pris 22 fois
  • Le résultat moyen est 9 sur 20
Statistiques - réponses
Question Indice Réponses % Correct
Quelles sont les langues officielles ? Français
95%
Quel pays a accordé son indépendance à celui-ci ? France
89%
Ce pays est plus grand que la France (oui/non) Oui
89%
Quelles sont les langues officielles ? S Sango
89%
Quelle est la monnaie ? Franc CFA
79%
Achats à faire 2/ Bijoux en Or
79%
Dans la capitale quel est le décalage horaire avec Paris ? (+ ou - et chiffre) ex - 10 - 1
68%
Quels est le climat local ? T Tropical
63%
Le principal aéroport est N Bangui
47%
Quel est le régime du pays ? République
42%
Le suffixe internet est cf
32%
La religion majoritaire est A Animisme
26%
Quelles sont les principaux lieux touristiques ? B Chutes de {Boali}
26%
Achats à faire 1/ Objets en bois d' Ebène
21%
Achats à faire 3/ Tableau en ailes de Papillon
21%
Code sur les plaques minéralogiques RCA
16%
Achats à faire 4/ Objets tressés Vannerie
5%
Quelles sont les principaux lieux touristiques ? Z Hameau de {Zinga}
0%
Quelles sont les principaux lieux touristiques ? M Parc de {Manovo-Gounda}
0%
Quelles sont les principaux lieux touristiques ? C Réserve de {Chinko}
0%
Aucun quiz correspondant
Distribution des résultats
% des personnes avec chaque résultat
Percentile par nombre de réponses
Votre historique - résultats
Vous n’avez pas pris ce quiz